MARC details
| 000 -LEADER |
| fixed length control field |
02820cam a22003858i 4500 |
| 001 - CONTROL NUMBER |
| control field |
22447423 |
| 003 - CONTROL NUMBER IDENTIFIER |
| control field |
CSPC |
| 005 - DATE AND TIME OF LATEST TRANSACTION |
| control field |
20250807082224.0 |
| 008 - FIXED-LENGTH DATA ELEMENTS--GENERAL INFORMATION |
| fixed length control field |
220228t20222022nju 001 0 eng c |
| 010 ## - LIBRARY OF CONGRESS CONTROL NUMBER |
| LC control number |
2022000608 |
| 020 ## - INTERNATIONAL STANDARD BOOK NUMBER |
| International Standard Book Number |
9781119849919 |
| 040 ## - CATALOGING SOURCE |
| Original cataloging agency |
MdU/DLC |
| Language of cataloging |
eng |
| Description conventions |
rda |
| Transcribing agency |
MdU |
| Modifying agency |
CSPC |
| 042 ## - AUTHENTICATION CODE |
| Authentication code |
pcc |
| 050 00 - LIBRARY OF CONGRESS CALL NUMBER |
| Classification number |
TJ230 |
| Item number |
.R2145 2022 |
| 082 00 - DEWEY DECIMAL CLASSIFICATION NUMBER |
| Classification number |
621.815 |
| Item number |
R121d |
| Edition number |
23 |
| 100 1# - MAIN ENTRY--PERSONAL NAME |
| Personal name |
Raeymaekers, Bart, |
| Relator term |
author. |
| 245 10 - TITLE STATEMENT |
| Title |
Design of mechanical elements : |
| Remainder of title |
a concise introduction to mechanical design considerations and calculations / |
| Statement of responsibility, etc. |
Bart Raeymaekers. |
| 263 ## - PROJECTED PUBLICATION DATE |
| Projected publication date |
2204 |
| 264 #1 - PRODUCTION, PUBLICATION, DISTRIBUTION, MANUFACTURE, AND COPYRIGHT NOTICE |
| Place of production, publication, distribution, manufacture |
Hoboken, New Jersey : |
| Name of producer, publisher, distributor, manufacturer |
John Wiley & Sons, Inc., |
| Date of production, publication, distribution, manufacture, or copyright notice |
2022. |
| 300 ## - PHYSICAL DESCRIPTION |
| Extent |
xv, 240 pages : |
| Other physical details |
illustrations ; |
| Dimensions |
26 cm. |
| 336 ## - CONTENT TYPE |
| Content type term |
text |
| Content type code |
txt |
| Source |
rdacontent |
| 337 ## - MEDIA TYPE |
| Media type term |
unmediated |
| Media type code |
n |
| Source |
rdamedia |
| 338 ## - CARRIER TYPE |
| Carrier type term |
volume |
| Carrier type code |
nc |
| Source |
rdacarrier |
| 500 ## - GENERAL NOTE |
| General note |
Includes index. |
| 505 0# - FORMATTED CONTENTS NOTE |
| Formatted contents note |
Mechanical design -- Material selection -- Statistical considerations -- Tolerances -- Design for static strength -- Design for fatigue strength -- Shafts -- Bolted joints -- Welded joints -- Rolling element bearings -- Gears -- Area moment of Inertia -- Internal force diagrams -- Elementary stress element. |
| 520 ## - SUMMARY, ETC. |
| Summary, etc. |
"Design of Mechanical Elements provides a basic introduction to mechanical design considerations and calculations without overwhelming students with extraneous information. Developed for readers who are encountering the topic for the first time, the book is divided into three parts: the first covers basic design techniques and concepts such as material selection, statistical considerations, tolerances, and safety factors; the second part covers the strength of materials in the context of the design of mechanical elements, including simple and dynamic loading problems; and the third part combines the techniques covered in previous chapters to explain the design of common mechanical elements like shafts, bolted joints, welded joints, bearings, and gears. Each chapter opens with an overview of key terminology followed by an explanation of the underlying physics involved with the mechanical design problems that will be covered in the chapter. Best procedures for solving each problem are discussed and illustrated with worked examples and end-of-chapter practice problems"-- |
| Assigning source |
Provided by publisher. |
| 650 #0 - SUBJECT ADDED ENTRY--TOPICAL TERM |
| Topical term or geographic name entry element |
Machine design. |
| 650 #0 - SUBJECT ADDED ENTRY--TOPICAL TERM |
| Topical term or geographic name entry element |
Machine-tools |
| General subdivision |
Design. |
| 650 #0 - SUBJECT ADDED ENTRY--TOPICAL TERM |
| Topical term or geographic name entry element |
Engineering design. |
| 776 08 - ADDITIONAL PHYSICAL FORM ENTRY |
| Relationship information |
Online version: |
| Main entry heading |
Raeymaekers, Bart. |
| Title |
Design of mechanical elements |
| Place, publisher, and date of publication |
Hoboken, NJ : Wiley, 2022 |
| International Standard Book Number |
9781119849957 |
| Record control number |
(DLC) 2022000609 |
| 906 ## - LOCAL DATA ELEMENT F, LDF (RLIN) |
| a |
7 |
| b |
cbc |
| c |
orignew |
| d |
1 |
| e |
ecip |
| f |
20 |
| g |
y-gencatlg |
| 942 ## - ADDED ENTRY ELEMENTS (KOHA) |
| Source of classification or shelving scheme |
Dewey Decimal Classification |
| Koha item type |
Books |
| Classification part |
621.815 |
| Item part |
R121d |
| Call number prefix |
ENG |
| Call number suffix |
2022 |
| Suppress in OPAC |
No |
| Edition |
23 |